Nazwy geograficzne typu Stoisław, Golubie na Pomorzu Gdańskim
| Titel: | Nazwy geograficzne typu Stoisław, Golubie na Pomorzu Gdańskim : Przyczynek do "Słowiańskiego atlasu onomastycznego" |
|---|---|
| Verfasser: | |
| In: |
Onomastica Slavogermanica, Band 14 (1984), Seite 105-138 alle Artikel anzeigen |
| Veröffentlicht: | 1984 |
| Format: | Aufsatz |
| Sprache: | Polnisch |
X
alg: 39193480 001A $01999:11-11-16 001B $01999:16-05-21 $t20:17:55.000 001C $06050:19-11-16 $t08:51:21.000 001D $01999:11-11-16 001U $0utf8 001X $00 002@ $0Aox 003@ $0391934805 007A $0391934805 $aHEB 007T $0Herd19093 010@ $apol 011@ $a1984 021A $aNazwy geograficzne typu Stoisław, Golubie na Pomorzu Gdańskim $dPrzyczynek do "Słowiańskiego atlasu onomastycznego" 027A $aGeographische Namen des Typs Stoisław, Golubie in Danzig Pommerellen 028A $7119544768 $8Górnowicz, Hubert$Z1922-1986 [Tp1] $908788433X 031A $d14 $h105-138 $j1984 039B $aIn $8--Abvc--. Onomastica Slavogermanica. - Stuttgart ; Leipzig : Hirzel, 1965-. - ISSN 0474-1471 $x198400000140000895 $9047296038 045F $a417.7094382 $eDDC23BSB 045F/01 $a417.7 045F/03 $g4382 045F/03 $g43832 045T $a7,11 $a7,39 045T $aLING $qDE-30 $2FID 045T $aGER $qDE-30 $2FID 046C $aGeographische Namen des Typs Stoisław, Golubie in Danzig Pommerellen $bÜbers. des Hauptsacht. lok: 39193480 78 exp: 39193480 78 1 #EPN 201B/01 $014-06-18 $t23:13:51.000 201U/01 $0utf8 203@/01 $0788030639 208@/01 $a11-11-16 $be 209A/01 $a/ $f000 $x00 220C/01 $aTitelaufnehmer: kl 244Z/01 $2Trx $#Prusy Wschodnie i Zachodnie $8--Trx--Ost- und Westpreußen $x01 $939113373X 244Z/01 $#Pommerellen $#Pomorze Gdanskie $#Pomerellen $#Pomorze Gdańskie $#Pomorze Nadwiślańskie $#Pomorze Wschodnie $#Herzogtum Pommerellen $#Woiwodschaft Pommern 1919-1939 $#Woiwodschaft Pommerellen $#Pòrénkòwô Pòmòrskô $#Pomerelia $#Pomoří $74046742-9 $8--Tg1--Pommerellen $x02 $9085130346 244Z/01 $2Trx $#nimeteadus asukohad $#onomastika vietovardžiai $#onomatology places $#névtan helységek $#onomastyka, miejscowości $#onomastika miesta $#onomastika místa $#Toponomie $#toponomastyka $#toponomastika $8--Trx--Namenkunde$gOrte $x03 $9391383450 244Z/01 $2Trx $8--Trx--Zeitschriftenaufsatz $x04 $9391384341 245Z/01 $a11.07 $x01 247C/01 $82080>Marburg/Lahn, Herder-Institut, Forschungsbibliothek, Bibliographieportal $9336309341
| LEADER | 00000caa a22000002c 4500 | ||
|---|---|---|---|
| 001 | 391934805 | ||
| 003 | DE-603 | ||
| 005 | 20210516201755.0 | ||
| 007 | tu | ||
| 008 | 161111s1984 xx |||| | u00||u|pol c | ||
| 035 | |a (DE-599)HEB391934805 | ||
| 040 | |a DE-603 |b ger |c DE-603 |d DE-603 | ||
| 041 | |a pol | ||
| 082 | 0 | 4 | |8 1\u |a 417.7094382 |q DE-101 |2 23/BSB |
| 084 | |a 7,11 |a 7,39 |2 ssgn | ||
| 084 | |a LING |q DE-30 |2 fid | ||
| 084 | |a GER |q DE-30 |2 fid | ||
| 085 | |8 1\u |b 417.7 | ||
| 085 | |8 1\u |z 2 |s 4382 | ||
| 085 | |8 1\u |z 2 |s 43832 | ||
| 100 | 1 | |a Górnowicz, Hubert |d 1922-1986 |0 (DE-603)08788433X |0 (DE-588)119544768 |2 gnd | |
| 245 | 0 | 0 | |a Nazwy geograficzne typu Stoisław, Golubie na Pomorzu Gdańskim |b Przyczynek do "Słowiańskiego atlasu onomastycznego" |
| 246 | 1 | |i Übers. des Hauptsacht. |a Geographische Namen des Typs Stoisław, Golubie in Danzig Pommerellen | |
| 246 | 1 | 3 | |a Geographische Namen des Typs Stoisław, Golubie in Danzig Pommerellen |
| 264 | 0 | |c 1984 | |
| 773 | 0 | 8 | |i In |t Onomastica Slavogermanica |d Stuttgart ; Leipzig : Hirzel, 1965- |h 24 cm |x 0474-1471 |g Band 14 (1984), Seite 105-138 |w (DE-603)047296038 |w (DE-600)207370-5 |
| 924 | 0 | |9 2080 |a (DE-603)788030639 |b DE-2080 |c HES |d d |g / | |


